| 000 | 00359nam a22001457a 4500 | ||
|---|---|---|---|
| 003 | OSt | ||
| 005 | 20160727222550.0 | ||
| 008 | 160714b xxu||||| |||| 00| 0 eng d | ||
| 040 | _cAtlas of Earthcare | ||
| 100 |
_92869 _a Litvinoff, M |
||
| 245 | _aAtlas of Earthcare | ||
| 260 |
_aLondon _b Gaia Books _c1996 |
||
| 300 | _aAtlas of Earthcare | ||
| 942 |
_2lcc _cBK |
||
| 999 |
_c2442 _d2442 |
||